000 nam a22 7a 4500
999 _c15353
_d15353
008 161031b xxu||||| |||| 00| 0 eng d
020 _a0072548363
020 _a9780072548365
050 _aLC 1099.3 .S3 2003
100 _aSchultz, Fred
245 _aMulticultural education 03/04/
_c Fred Schultz.
250 _a10th ed.
260 _aGuilford, Conn. :
_bMcGraw-Hill/Dushkin,
_c ©2003.
300 _axvi, 207p. :
_bill. ;
_c27cm.
500 _aIncludes bibliography and index.
650 _a Multicultural education.
942 _2lcc
_cBOOKS
_hLC 1099.3 .S3 2003